NCAA Football Single Season Rushing Leaders - Statistics

General Stats
  • This quiz has been taken 42 times
  • The average score is 11 of 30
Answer Stats
Rank Player Yards School Year % Correct
1 Barry Sanders 2,628 Oklahoma State 1988
94%
5 Ashton Jeanty 2,288 Boise State 2024
83%
23 Christian McCaffrey 2,019 Stanford 2015
83%
7 Derrick Henry 2,219 Alabama 2015
83%
8 Jonathan Taylor 2,194 Wisconsin 2018
75%
28* Jonathan Taylor 2,003* Wisconsin 2019
75%
2 Melvin Gordon 2,587 Wisconsin 2014
61%
11 LaDainian Tomlinson 2,158 TCU 2000
58%
4 Marcus Allen 2,342 USC 1981
53%
15 Ricky Williams 2,124 Texas 1998
53%
10 Andre Williams 2,177 Boston College 2013
50%
3 Kevin Smith 2,567 UCF 2007
36%
6 Rashaad Penny 2,248 SDSU 2017
31%
28* J. K. Dobbins 2,003* Ohio State 2019
28%
18 Larry Johnson 2,087 Penn State 2002
28%
20 Rashaan Salaam 2,055 Colorado 1994
25%
16 Bryce Love 2,118 Stanford 2017
22%
17 Chuba Hubbard 2,094 Oklahoma State 2019
22%
19 Donald Brown 2,083 UConn 2008
19%
22 D'Onta Foreman 2,028 Texas 2016
14%
12 Mike Rozier 2,148 Nebraska 1983
14%
9 Troy Davis 2,185 Iowa State 1996
14%
27 Troy Davis 2,010 Iowa State 1995
14%
13 Donnel Pumphrey 2,133 SDSU 2016
11%
14 Matt Forte 2,127 Tulane 2007
11%
26 Ray Rice 2,012 Rutgers 2007
11%
21 Tevin Coleman 2,036 Indiana 2014
6%
30 Byron Hanspard 2,000 Texas Tech 1996
3%
24 J. J. Arrington 2,018 California 2004
3%
25 Malcolm Perry 2,017 Navy 2019
3%
No matching quizzes found
Score Distribution
Percent of People with Each Score
Percentile by Number Answered
Your Score History
You have not taken this quiz